000 00271nam a22001217a 4500
008 181019b xxu||||| |||| 00| 0 eng d
041 _aeng
080 _a610
100 _a3
101 _aSHM
245 _aConditioning In Stutering Therapy
_cjame.p
942 _2udc
_cBK
999 _c50245
_d50245